000 00952nam a22002537a 4500
001 136790
003 UA-OsUOA
005 20201127190906.0
007 ta
008 20190408b un ||||| |||| 00| 0 ukr d
020 _a978-966-378-639-1
040 _aUA-OsUOA
_bukr
_cUA-OsUOA
_dUA-OsUOA
041 _aukr
080 _a281.96(477)(091)
090 _a281.96(477)(091)
_bД72
100 _aДрабинко О.
245 _aУкраїнська Церква: шлях до автокефалії
_bдо дискусій навколо канонічного статусу, богослужбової мови та історії Української Церкви
260 _aК.
_bДух і Літера
_c2018
300 _a684 с.
650 7 _a281.9 Східна православна церква і скопці
_2UDC
942 _cBK
_2udc
955 _a2
999 _c410411
_d410411